| 000 | 00633nam a2200193Ia 4500 | ||
|---|---|---|---|
| 001 | 14674 | ||
| 003 | GE_BSU | ||
| 008 | 181216s||||||||xx |||||||||||||| ||und|| | ||
| 040 | _cGE_BSU | ||
| 080 | _a821.353.182-93 | ||
| 100 | _aქიაჩელი,ლეო | ||
| 245 | _aთხზულებანი 5 ტომად. ტ.4. საბავშვო მოთხრობები | ||
| 260 | _aთბილისი | ||
| 260 | _bსაბჭოთა საქართველო | ||
| 260 | _c1962 | ||
| 300 | _a210გვ. 22 სმ. | ||
| 653 | _aსაბავშვო მოთხრობები | ||
| 942 | _cBK | ||
| 999 |
_c47800 _d47800 |
||